MARC

LEADER 00000nam0a2200000 4500
001 366668
005 20231102011914.0
035 |a (RuTPU)RU\TPU\retro\24031 
090 |a 366668 
100 |a 20220215d1979 k y0rusy50 ca 
101 0 |a rus 
102 |a BY 
105 |a a z 001zy 
200 1 |a Теория и техника сушки влажных материалов  |e сборник научных трудов  |f Академия наук Белорусской ССР, Институт тепло- и массообмена им. А. В. Лыкова ; отв. ред. П. С. Куц 
210 |a Минск  |c [Б. и.]  |d 1979 
215 |a 137 с.  |c ил. 
320 |a Библиогр. в конце ст. 
606 1 |a Сушка  |x Математическое моделирование  |2 stltpush  |3 (RuTPU)RU\TPU\subj\31506  |9 54342 
610 1 |a теория 
610 1 |a техника 
610 1 |a влажные материалы 
610 1 |a расчеты 
610 1 |a аналитические методы 
610 1 |a тепломассоперенос 
610 1 |a физический контроль 
610 1 |a обезвоживание 
675 |a 66.047  |v 4 
702 1 |a Куц  |b П. С.  |4 340 
712 0 2 |a Академия наук Белорусской ССР  |b Институт тепло- и массообмена им. А. В. Лыкова  |c (Минск)  |2 stltpush  |3 (RuTPU)RU\TPU\col\11896  |9 25285 
801 1 |a RU  |b 63413507  |c 20220215 
942 |c BK